Founding Fathers of the United States - Statistics

General Stats
  • This quiz has been taken 116 times
  • The average score is 19 of 119
Answer Stats
Province/State Founding Father % Correct
VA George Washington
93%
MA John Adams
92%
VA Thomas Jefferson
89%
MA Samuel Adams
84%
CT Andrew Adams
82%
VA Thomas Adams
82%
VA James Madison
80%
PA Benjamin Franklin
77%
NY Alexander Hamilton
75%
MA John Hancock
60%
CT William Samuel Johnson
52%
SC William Jackson
51%
PA James Smith
49%
PA Jonathan Bayard Smith
49%
VA Benjamin Harrison V
39%
NC John Williams
31%
CT William Williams
31%
PA George Taylor
28%
VA Francis Lightfoot Lee
24%
VA Richard Henry Lee
24%
PA James Wilson
21%
NY/PA Gouverneur Morris
19%
NY Lewis Morris
19%
PA Robert Morris
19%
CT Roger Sherman
19%
MA Robert Treat Paine
18%
MA Elbridge Gerry
16%
MA Rufus King
16%
NC John Penn
15%
NY Francis Lewis
13%
NY Philip Livingston
13%
NJ William Livingston
13%
SC Charles Cotesworth Pinckney
12%
SC Charles Pinckney
12%
NC Hugh Williamson
12%
GA Lyman Hall
12%
PA Benjamin Rush
11%
SC Edward Rutledge
11%
DE John Dickinson
11%
SC John Rutledge
11%
NJ Abraham Clark
10%
GA Button Gwinnett
10%
NH Josiah Bartlett
10%
DE Thomas McKean
10%
VA Thomas Nelson Jr.
10%
NJ William Paterson
10%
DE Caesar Rodney
9%
NJ John Hart
9%
PA Joseph Reed
9%
RI Stephen Hopkins
9%
MD Thomas Stone
9%
MD Charles Carroll
8%
MD Daniel Carroll
8%
PA George Ross
8%
RI John Collins
8%
NJ John Witherspoon
8%
MD Samuel Chase
8%
GA George Walton
7%
GA John Walton
7%
NJ Richard Stockton
7%
GA Abraham Baldwin
6%
NJ Francis Hopkinson
6%
DE George Read
6%
SC Henry Laurens
6%
NY James Duane
6%
MD James McHenry
6%
NJ Jonathan Dayton
6%
MA Nathaniel Gorham
6%
CT Oliver Wolcott
6%
SC Thomas Lynch Jr.
6%
SC Arthur Middleton
5%
MD Daniel of St. Thomas Jenifer
5%
MA Francis Dana
5%
PA George Clymer
5%
VA George Wythe
5%
DE Gunning Bedford Jr.
5%
MA James Lovell
5%
VA John Banister
5%
MD John Hanson
5%
VA John Harvie
5%
SC John Mathews
5%
PA John Morton
5%
NH John Wentworth Jr.
5%
NC Joseph Hewes
5%
NH Matthew Thornton
5%
NH Nicholas Gilman
5%
DE Nicholas Van Dyke
5%
MA Samuel Holten
5%
NY William Duer
5%
RI William Ellery
5%
NC William Hooper
5%
NH William Whipple
5%
VA Carter Braxton
4%
NC Cornelius Harnett
4%
PA Daniel Roberdeau
4%
NJ David Brearley
4%
GA Edward Langworthy
4%
GA Edward Telfair
4%
RI Henry Marchant
4%
DE Jacob Broom
4%
PA Jared Ingersoll
4%
NH John Langdon
4%
NJ Nathaniel Scudder
4%
SC Pierce Butler
4%
DE Richard Bassett
4%
NC Richard Dobbs Spaight
4%
SC Richard Hutson
4%
CT Samuel Huntington
4%
PA Thomas Fitzsimons
4%
SC Thomas Heyward Jr.
4%
PA Thomas Mifflin
4%
CT Titus Hosmer
4%
GA William Few
4%
NY William Floyd
4%
MD William Paca
4%
VA John Blair Jr.
3%
NC William Blount
3%
PA William Clingan
3%
SC William Henry Drayton
3%
No matching quizzes found
Score Distribution
Percent of People with Each Score
Percentile by Number Answered
Your Score History
You have not taken this quiz